| 000 | 00547nam a2200193Ia 4500 | ||
|---|---|---|---|
| 999 |
_c7905 _d7905 |
||
| 003 | OSt | ||
| 005 | 20200124121608.0 | ||
| 008 | 190216s9999||||xx |||||||||||||| ||und|| | ||
| 020 | _a9789381335932 | ||
| 040 | _coclc | ||
| 082 |
_a658.1511 _bGOE/M |
||
| 100 |
_aGoel, Rajiv _91508 |
||
| 245 | 0 |
_aManagement Accounting / _cRajiv Goel |
|
| 250 | _a1st ed. | ||
| 260 |
_bInternational Book House Pvt Ltd., _c2013. _aAhamedabad: |
||
| 300 | _a402p | ||
| 650 | _aCommerce | ||
| 942 |
_cBK _2ddc _h658.1511 _iGOE/M _k658.1511 _mGOE/M |
||